| 000 | 01412nam a2200325 a 4500 | ||
|---|---|---|---|
| 003 | DO-SdBNP | ||
| 005 | 20220614104818.0 | ||
| 007 | ta | ||
| 008 | 220211e2011 dr aoc|gr|||| 001 0 spa d | ||
| 020 | _a9789945877908 | ||
| 040 |
_aDO-SdBNP _bspa _cBNPHU |
||
| 082 | 4 |
_a374.8 _bR669u, 2011 _222 |
|
| 100 | 1 |
_976554 _aRoca F., Frank |
|
| 245 | 1 | 0 |
_aINFOTEP : una historia de progreso / _bFrank Roca F., Elis Y. Zabala Burgos, Víctor Hugo Morales ; Coordinador José Luis Rojas ; Fotografías Samuel Villavicencio y Juan Carlos Villavicencio. |
| 250 | _a4a ed. | ||
| 260 |
_aSanto Domingo : _bINFOTEP, _c2011. |
||
| 300 |
_a[76] p. : _bil., fotogr., retr. ; _c23 cm. |
||
| 500 | _aIncluye cronología. | ||
| 505 | 0 |
_aPresentación. _tAntecedentes.-- _tSurgimeinto.-- _tSus inicios.-- _tSímbolos Institucionales.-- _tExtensión Regional e Infraestructura física.-- _tAvances y Logros.- _tGalería de Directores.-- _tCronología.-- _tReferencias Documetales. |
|
| 590 | _aInventariado 2022 / MF | ||
| 650 | 4 |
_aEducación tecnológica _zRepública Dominicana |
|
| 650 | 4 |
_aCentros de capacitación _xHistoria _936095 |
|
| 700 | 1 |
_aZabala Burgos, Elis Y. _981336 |
|
| 700 | 1 |
_aMorales, Víctor Hugo _981337 |
|
| 700 | 1 |
_943221 _aRojas, José Luis, _ecoord. |
|
| 700 | 1 |
_aVillavicencio, Samuel, _efotogr. _981338 |
|
| 700 | 1 |
_aVillavicencio, Juan Carlos , _efotogr. _981339 |
|
| 910 | _aMFeliz | ||
| 942 |
_2ddc _cLBS1 |
||
| 999 |
_c51421 _d51421 |
||